000 00711nab a2200217u 4500
001 19364
003 HDC
007 c| |||a|c|aaaa
008 210226b20091108my ||||o |||| 00| 0 eng d
040 _aHDC
245 0 _aAl Islami represents UAE halal market at food forum in Taiwan
336 _atext
_2rdacontent
337 _acomputer
_2rdamedia
338 _aonline resource
_2rdacarrier
650 _aAl Islami Foods
_917797
650 _aKaohsiung Food Show
_917798
856 _zRequest full-text at [email protected]
942 _2lcc
942 _cNEWS
942 _kNWS0 003527
999 _c16680
_d16680